| 000 | 01200cam a2200277 a 4500 | ||
|---|---|---|---|
| 001 | 15594400 | ||
| 005 | 20091002163708.0 | ||
| 008 | 090122s2009 nyuab |rbf 001 0 eng | ||
| 010 | _a 2009002381 | ||
| 020 | _a9780071597630 (alk. paper) | ||
| 020 | _a0071597638 (alk. paper) | ||
| 035 | _a(OCoLC)ocn184828065 | ||
| 040 |
_aDLC _cDLC _dBTCTA _dBAKER _dYDXCP _dC#P _dBWX _dDLC |
||
| 050 | 0 | 0 |
_aTE23 _b.H484 2009 |
| 082 |
_222 _a625.7 _bBRO |
||
| 245 | 0 | 0 |
_aHighway Engineering Handbook : _bBuilding and Rehabilitating the Infrastructure / _cRoger L. Brockenbrough, editor. |
| 250 | _a3rd ed. | ||
| 260 |
_aNew York : _bMcGraw-Hill, 2009 _cc2009. |
||
| 300 |
_axix, 855 p. : _bill., maps ; _c24 cm. |
||
| 504 | _aIncludes bibliographical references and index. | ||
| 650 | 0 |
_aHighway engineering _zUnited States _vHandbooks, manuals, etc. _911460 |
|
| 700 | 1 |
_aBrockenbrough, R. L. _911461 |
|
| 942 |
_2ddc _cBB |
||
| 999 |
_c13410 _d13410 |
||